| 000 | 00546cam a22001577a 4500 | ||
|---|---|---|---|
| 008 | 180718b1993 xxu||||| |||| 00| 0 eng d | ||
| 020 | _a8185268266 | ||
| 082 | _aBA27x5414 Sr31 | ||
| 100 | _aSrichandan, G.K. | ||
| 245 |
_aTribal development and welfare legislation in Orissa under Indian plan-perspectives _cby G.K. Srichandan |
||
| 260 |
_aDelhi _bPratibha _c1993 |
||
| 300 | _a497p. | ||
| 650 | _aIndia --Social conditions. | ||
| 650 | _aIndia --Scheduled tribes --Government policy | ||
| 650 | _aRural development --Government policy --India | ||
| 999 |
_c358328 _d358328 |
||